00770nam a2200265 i 4500001000300000100001700003245005000020260003000070300002100100490001100121504001200132650003300144655003000177830001100207020001500218040000800233041000800241080002500249920001800274942000700292008004100299999001700340856009800357952004900455bg1 aFRENDO, Evan10aHow to teach business English /cEvan Frendo. aHarlow :bLongman,c2005. a162 s. ;c25 cm.1 aHow To aIndeks. 9aJęzyk angielskixnauczanie aPodręczniki akademickie aHow To a0582779960 cBPK0 aeng a372.881.111.1(075.8) a0-582-77996-0 cKS s pl f |000 0 pol  c51346d51346 uhttp://koha.tu.koszalin.pl/cgi-bin/koha/opac-detail.pl?biblionumber=51346yKatalog online BPK 00104070aBPKbBPKcwo77987p02307701yKS